Marketing myths that are killing business : the cure for death wish marketing

Αποθηκεύτηκε σε:
Λεπτομέρειες βιβλιογραφικής εγγραφής
Κύριος συγγραφέας: Clancy, Kevin J. 1942-
Άλλοι συγγραφείς: Shulman, Robert S. 1951-
Μορφή: Βιβλίο
Γλώσσα:English
Δημοσίευση: New York : McGraw-Hill, c1994
Θέματα:
Ετικέτες: Προσθήκη ετικέτας
Δεν υπάρχουν, Καταχωρήστε ετικέτα πρώτοι!

MARC

LEADER 00000nam a2200000 i 4500
001 1/51476
008 970121s1994 eng d
020 |a 0-07-011361-0 
035 |l 10027179 
040 |a GR-MY-UA  |b gre  |e aacr 
041 0 |a eng 
082 0 |a 658.8 
100 1 |a Clancy, Kevin J.  |d 1942- 
245 1 0 |a Marketing myths that are killing business :  |b the cure for death wish marketing /  |c K.J. Clancy, R.S. Shulman 
260 |a New York :   |b McGraw-Hill,   |c c1994 
300 |a xvii, 308 p. 
500 |a Includes index 
650 0 0 |a Marketing. 
700 1 |a Shulman, Robert S.  |d 1951- 
852 |a INST  |b CHIOS  |e 19970121  |h 658.8 CLA  |p 005200010825  |q 005200010825  |t BK  |y 0 
909 |a Χ  |b 049388